MDQL
is popping MORE tags! Check the
thread
!
Quizzes
Events
Quiz Creation
Community
Videos
Private Events
Remove Ads
Sign In
Join for FREE
Feedback
Dark Mode
Quiz Categories
Sports
Geography
Music
Movies
Television
Just For Fun
Miscellaneous
History
Literature
Language
Science
Gaming
Entertainment
Religion
Holiday
For Kids
Quiz Lab
Recent
Popular Today
Quiz Kudos Today
Editor Picks
Curator Picks
Quizzes by...
Day
Popularity
Type
Ratings
Length
Year
Community
Subscriptions
Recent Discussions
Orange Saloon
Badges
Playlists
Quests
Create
Leaderboards
Showdown
Live 5
Trivia Bingo
Activity
Puzzle Library
Sporcle Events
Private Events
Virtual Trivia
Globe League
Become a Host
Pub Owners
SporcleCon
Opinionation
Our Games
Videos
Blog
Mobile Apps
Partnerships
Remove Ads and Go Orange
Feedback
Music
Pop Music
The Beatles
Song
Album
Lyrics
Bands
Singers
Artist
Clip
Rock
Rap
Classical
Billboard
Country Music
Kpop
Taylor Swift
Music
Pop Music
The Beatles
Song
Album
Lyrics
Bands
Singers
Artist
Clip
Rock
Rap
Classical
Billboard
Country Music
Kpop
Taylor Swift
Random Quiz
Search Sporcle
×
Quiz Lab
Quiz Lab
Music
Lyrics
Type in answers that appear in a list
Type in answers that appear in a list
Classic
Best Score? Go Orange.
Sing To Me Stats
Can you name the songs these lyrics are from?
By
aricalea
5m
21 Questions
164 Plays
164 Plays
164 Plays
Comments
Comments
Give Quiz Kudos
Give Quiz Kudos
-
- Ratings
hide this ad
Replay
Link that replays current quiz
Next Quiz
Link to next quiz in quiz playlist
You Got
0%
They Got
Avg Score
36%
Avg Friend Score
Upgrade to see
Score Distribution
Jump to the score distribution portion of the page
Score
0/21
Timer
05:00
0
Plays Today
Lyric
Song
% Correct
That's when the taxi man turned on the radio and the Jay Z song was on...
Party in the USA
76.8%
Romeo take me somewhere we can be alone...
Love Story
75.6%
He was a punk, she did ballet...
Skater Boy
65.9%
That party last night was awfully crazy I wish we taped it...
I Love College
60.4%
I love this record baby but I can't see straight anymore...
Just Dance
51.8%
Imagination, Life is your creation...
Barbie Girl
45.1%
Well my girl's in the next room. Sometimes I wish she was you...
Lips of an Angel
42.7%
Because when I arrive I, I'll bring the fire....
Let It Rock
39.6%
Fill up my cup, mozoltov...
I Got a Feelin
39%
This was never the way I planned, not my intention...
I Kissed a Girl
34.8%
He opens his mouth but the words won't come out....
Lose Yourself
34.1%
Lyric
Song
% Correct
I was hanging in the corner with my five best friends...
Good Girls Go Bad
28.7%
There's a song inside my head sayin' you'll never reach it....
The Climb
26.8%
You knock me off my feet. My lonely days are gone...
The Way You Make Me Feel
26.2%
And no matter what I do I feel the pain with or without you...
Tearin Up My Heart
24.4%
Nice legs, Daisy dukes, makes a man go woowoo...
Star Struck
18.9%
Til death do us part, I'll love you with every single beat of my heart...
I Swear
17.7%
Baby, thinking of you keeps me up all night...
Crazy
17.1%
I said 'Lady what's your number?' she said 911...
Mrs Officer
15.9%
Patron's on the rocks and I'm ready...
Shots
8.5%
It's unnatural, you belong to me, I belong to you...
End of the Road
8.5%
Quiz Playlist
Details
Report
Send in Message
Add To Playlist
Classic:
Type in answers that appear in a list
Last Updated: Feb 16, 2017
Quiz Scoreboard
CHALLENGE
Sign Up to Join the Scoreboard
Show All
Scores
Hide
Comments
May contain spoilers
Recently Published
1-10 Letter E Words III
by El_Dandy
Language
2m
Street Fighter Characters
by Artimus82
Gaming
60s
College Basketball Coaching Resumes
by pancakes188
Sports
9m
More to Explore
Quiz From the Vault
Featured Blog Post
Where Did the Easter Bunny Come From?
hide this ad
You Might Also Like...
Tags
Artist Quiz
Lyrics Quiz
Song Quiz
Sing
Today's Top Quizzes in Music
Browse Music
hide this ad
Today's Top Quizzes in Lyrics
Browse Lyrics
Top Contributed Quizzes in Music
1
Taylor Swift All Songs (2024)
2
Taylor Swift Logic Puzzle
3
Guess the Artist- 70s Songs
4
7-to-1: Billboard Hot 100 #1 Hits of 2010s
5
Sorting Albums and Songs
6
Billboard Blitz: Aretha Franklin
7
KPOP LOGIC QUIZ
8
Guess the Taylor Swift song (Mystery Song)
9
Guess The Taylor Swift Lyrics Song #1
10
Billboard Blitz: ABBA
Explore More
Trending Topics
NBA
Crossword
Marvel
Anime
Disney
Harry Potter
Kpop
Soccer
Pokémon
Country
The Office
NFL
Puzzle
WWE
Song
hide this ad
More By:
aricalea
Quiz
Plays
Rating
Category
Featured
Created
Sing To Me
164
2.00
Music
Dec 16, 2009
Go to Creator's Profile
Score Distribution
Quiz Creator Spotlight
aricalea
Follow
Send a Message
Quizzes Created
-
Created Quiz Play Count
-
More By This Creator
Popular Quizzes Today
1
Find the US States - No Outlines Minefield
2
Find the Countries of Europe - No Outlines Minefield
3
The Countries of the World
4
Find the US States
5
Risky Map Clicking: Biggest States A-Z
6
US States
7
Popular People in 1961
8
Movies - When Are They Set?
More Music Quizzes
'Shake It Off' Lyrics
Published
Trending Quizzes
Risky Map Clicking: Least Populous States A-Z
Billboard Blitz: Aretha Franklin
Famous Russians: Author or Composer?
1-10 Letter G Words
Countries of the World: 200 Million BC
Recently Updated
Leaping Animals
pecheneg
Reality TV Shows (A-Z)
bhenderson79
Rickey Henderson's Hall of Fame Teammates
pecheneg
Champions League XIs: Arsenal
pecheneg
Quick Pick: Celebrities in WWE's Hall of Fame
aduchscher
A-Z Keypad Blitz II
pecheneg
Multiple Oscar Actors
pecheneg
Mystery Phrase Blitz: Oscar 'Best Actors'
pecheneg
F. Scott Fitzgerald Novels
LTH
Pick 3 Villains
ddd62291
Trending Topics
Crossword
Kpop
Disney
NBA
Marvel
Harry Potter
Anime
The Office
WWE
Pokémon
NFL
Song
Soccer
Puzzle
Country
Your Account Isn't Verified!
In order to create a playlist on Sporcle, you need to verify the email address you used during registration. Go to your
Sporcle Settings
to finish the process.
Report this User
Report this user for behavior that violates our
Community Guidelines
.
Details:
Send Report
Go to the Sporcle.com Mobile Site →
Comments